[Event "Mataro op 10th"]
[Site "Mataro"]
[Date "2013.11.30"]
[Round "9"]
[White "Rodriguez Gomez, Carlos"]
[Black "Ferre Navarro, Joan"]
[Result "1/2-1/2"]
[WhiteElo "1833"]
[BlackElo "1836"]
[PlyCount "147"]
[EventDate "2013.09.28"]
[EventType "swiss"]
[EventRounds "9"]
[EventCountry "ESP"]
[SourceTitle "EXT 2016"]
[Source "ChessBase"]
[SourceDate "2015.10.08"]
[SourceVersion "1"]
[SourceVersionDate "2015.10.08"]
[SourceQuality "1"]

1. e4 e5 2. Nf3 Nc6 3. Bb5 a6 4. Ba4 f5 5. Nc3 d6 6. d3 Be7 7. a3 Nf6 8. Bd2 0-0 9. Bb3+ Kh8 10. Ng5 Qe8 11. Ne6 Bxe6 12. Bxe6 fxe4 13. dxe4 Nd4 14. Bh3 Qg6 15. f3 Nh5 16. Be3 c5 17. Nd5 Bd8 18. c3 Ne6 19. Qc2 Nef4 20. Nxf4 Nxf4 21. Bxf4 Rxf4 22. 0-0-0 Bg5 23. Kb1 Be7 24. Bf5 Qf7 25. Qd3 Rh4 26. Qd5 Qxd5 27. exd5 b5 28. g3 Rh6 29. Bg4 a5 30. Rde1 g5 31. Re4 Rf6 32. Rf1 Raf8 33. Rh1 Kg7 34. Re3 Kg6 35. Rf1 h5 36. Bh3 g4 37. Bg2 gxf3 38. Rexf3 Rxf3 39. Rxf3 Rxf3 40. Bxf3 h4 41. gxh4 Bxh4 42. h3 Kg5 43. Bg4 Kf4 44. Kc2 Ke3 45. Kd1 e4 46. Bf5 Kf3 47. Bg4+ Kf2 48. Bh5 e3 49. Bg4 Bf6 50. Be2 b4 51. axb4 axb4 52. cxb4 cxb4 53. b3 Kg3 54. Bg4 Kf4 55. Be2 Ke4 56. Bc4 Kd4 57. Ke2 Bg5 58. Kf3 Kc3 59. Ke2 Kc2 60. h4 Bh6 61. h5 Bg5 62. Kf3 Kd2 63. Bb5 Bh6 64. Bc4 Kc3 65. Ke2 Kd4 66. Kf3 Bg7 67. Ke2 Ke4 68. Bd3+ Kd4 69. Bc4 Bh6 70. Kf3 Bg5 71. Kg4 Bh6 72. Kf3 Ke5 73. Kg4 Ke4 74. Kg3 1/2-1/2

[Event "Mataro op 10th"]
[Site "Mataro"]
[Date "2013.10.26"]
[Round "4"]
[White "Garcia Payas, Alex"]
[Black "Rodriguez Gomez, Carlos"]
[Result "1/2-1/2"]
[WhiteElo "1921"]
[BlackElo "1833"]
[PlyCount "38"]
[EventDate "2013.09.28"]
[EventType "swiss"]
[EventRounds "9"]
[EventCountry "ESP"]
[SourceTitle "EXT 2016"]
[Source "ChessBase"]
[SourceDate "2015.10.08"]
[SourceVersion "1"]
[SourceVersionDate "2015.10.08"]
[SourceQuality "1"]

1. e4 e5 2. Nf3 Nc6 3. Bb5 a6 4. Ba4 Nf6 5. 0-0 Be7 6. Re1 b5 7. Bb3 d6 8. c3 0-0 9. h3 Na5 10. Bc2 c5 11. d4 Qc7 12. Nbd2 Bd7 13. Nf1 Rfc8 14. Ne3 g6 15. b3 Nc6 16. Bb2 Nh5 17. Nd5 Qd8 18. Qd2 f6 19. Rad1 Ra7 1/2-1/2

[Event "Foment Martinenc op-B 15th"]
[Site "Barcelona"]
[Date "2013.05.04"]
[Round "3"]
[White "Perez Garcia, Adria"]
[Black "Rodriguez Gomez, Carlos"]
[Result "0-1"]
[WhiteElo "1588"]
[BlackElo "1754"]
[PlyCount "138"]
[EventDate "2013.04.20"]
[EventType "swiss"]
[EventRounds "9"]
[EventCountry "ESP"]
[SourceTitle "CBM 154 Extra"]
[Source "ChessBase"]
[SourceDate "2013.06.25"]
[SourceVersion "2"]
[SourceVersionDate "2013.06.25"]
[SourceQuality "1"]

1. e4 e5 2. Nc3 Nf6 3. g3 Bc5 4. Bg2 d6 5. Nge2 Nc6 6. h3 a6 7. 0-0 Be6 8. d3 h6 9. Kh2 0-0 10. f4 Bd7 11. f5 Nd4 12. Nxd4 Bxd4 13. Ne2 Ba7 14. g4 Nh7 15. Qe1 f6 16. Qg3 Qe7 17. Ng1 Bxg1+ 18. Rxg1 c6 19. h4 Be8 20. Bf3 Kh8 21. Be3 Bf7 22. Rh1 Kg8 23. Kg2 d5 24. Qh3 dxe4 25. Bxe4 Bd5 26. Bxd5+ cxd5 27. Qf3 Rfd8 28. c4 dxc4 29. dxc4 Rd3 30. Rhd1 Rad8 31. Rxd3 Rxd3 32. Rd1 Qd7 33. Rxd3 Qxd3 34. Qd5+ Qxd5+ 35. cxd5 Kf7 36. Kf3 Nf8 37. d6 Nd7 38. Ke4 Ke8 39. Kd5 Kf7 40. g5 h5 41. g6+ Ke8 42. Bd2 Nf8 43. Ba5 Nd7 44. Bb4 Nf8 45. Bd2 Nd7 46. Be3 Kf8 47. b4 Ke8 48. Kc4 Kf8 49. b5 axb5+ 50. Kxb5 Ke8 51. a4 Kf8 52. a5 Ke8 53. a6 bxa6+ 54. Kxa6 e4 55. Kb5 Ne5 56. Kc5 Ng4 57. Bd2 e3 58. Be1 Kd7 59. Kd5 Nh6 60. Ke4 Kxd6 61. Kf4 e2 62. Bg3 Kd5 63. Be1 Kd4 64. Kf3 Kd3 65. Bf2 Nxf5 66. Kf4 Nd4 67. Be1 Nc2 68. Ba5 e1Q 69. Bxe1 Nxe1 0-1

[Event "Foment Martinenc op-B 15th"]
[Site "Barcelona"]
[Date "2013.04.27"]
[Round "2"]
[White "Rodriguez Gomez, Carlos"]
[Black "Esteban Bruguera, German"]
[Result "1/2-1/2"]
[WhiteElo "1754"]
[BlackElo "1983"]
[PlyCount "119"]
[EventDate "2013.04.20"]
[EventType "swiss"]
[EventRounds "9"]
[EventCountry "ESP"]
[SourceTitle "CBM 154 Extra"]
[Source "ChessBase"]
[SourceDate "2013.06.25"]
[SourceVersion "2"]
[SourceVersionDate "2013.06.25"]
[SourceQuality "1"]

1. e4 c5 2. Nf3 d6 3. d4 cxd4 4. Nxd4 Nf6 5. Nc3 Nc6 6. Be3 Ng4 7. Qd3 Nxe3 8. Qxe3 Bd7 9. a3 a6 10. Be2 e6 11. Nxc6 Bxc6 12. 0-0 Be7 13. Rfd1 Qc7 14. Qg3 0-0 15. Bd3 g6 16. f4 Qb6+ 17. Kh1 Qxb2 18. Ne2 Qg7 19. c3 e5 20. Bc2 Rac8 21. Qe3 Bb5 22. fxe5 Bxe2 23. Qxe2 Qxe5 24. c4 Rc7 25. Bd3 Bf6 26. Rab1 Qg5 27. Rb3 Be5 28. g3 Bd4 29. Rdb1 b6 30. Rd1 Bc5 31. Qd2 Qe5 32. Rf1 Re7 33. Qf4 Qd4 34. Qf6 Re5 35. Kg2 a5 36. a4 Qe3 37. Qf4 Qd4 38. Qf6 Re6 39. Qxd4 Bxd4 40. Rf3 Kg7 41. g4 h6 42. Rb1 Re5 43. h4 Rfe8 44. Rbf1 R8e7 45. Kh3 Rc5 46. Kg2 Rec7 47. Kh3 f6 48. Kg2 g5 49. h5 Be5 50. Rb1 R7c6 51. Kh3 Kf7 52. Kg2 Ke7 53. Kh3 Ke6 54. Kg2 Bd4 55. Rbf1 Be5 56. Bb1 Kd7 57. Kh3 Bf4 58. Kg2 Kc7 59. Kf2 Be5 60. Ke2 1/2-1/2